| 000 | 00774nam a2200253 a 4500 | ||
|---|---|---|---|
| 001 | SSB061142 | ||
| 005 | 20150122155113.0 | ||
| 008 | 110212s2012 au a b 001 0 eng | ||
| 010 | _a2011922981 | ||
| 020 | _a9780840034328 | ||
| 040 |
_aDLC _cDLC |
||
| 042 | _apcc | ||
| 050 | 0 | 0 |
_aBF 636.6 _b.N396 2012 |
| 100 | _aNeukrug, Ed. | ||
| 245 | 1 | 3 |
_aAn introduction to the counseling profession : _bthe world of the counselor / _cEd Neukrug. |
| 250 | _a4th ed. | ||
| 260 |
_aAustralia ; _aBelmont, CA : _bBrooks/Cole, _cc2012. |
||
| 300 |
_axxiv, 691 pages : _billustrations ; _c24 cm. |
||
| 504 | _aIncludes bibliographical references and indexes. | ||
| 521 | _aPsychology | ||
| 650 | 0 | _aCounseling psychology. | |
| 650 | 0 | _aPsychotherapy. | |
| 942 |
_2lcc _cBK _kFOR |
||
| 999 |
_c277372 _d277372 |
||